000 00188 a2200097 4500
020 _a9781589521919
041 _aspa
100 _aLilly, Melinda
245 _aMira y la piedra
942 _cBK
999 _c11903
_d11903